000 004290000a22001810004500
003 MACL
005 20150901133251.0
008 150901b xxu||||| |||| 00| 0 eng d
040 _aMACL
_cMACL
041 _aEnglish
082 _a800/JOH
100 _aGeorge, John
_98246
245 _aV.V. John Omnibus
260 _aDelhi
_bHar Anand Publication
_c1998
350 _a600
650 _aLiterature
_98247
942 _cBK
_k800
_2ddc
999 _c1417
_d1417